| 000 | 00894nam a2200229Ia 4500 | ||
|---|---|---|---|
| 001 | 8864 | ||
| 003 | GE_BSU | ||
| 008 | 181216s||||||||xx |||||||||||||| ||und|| | ||
| 040 | _cGE_BSU | ||
| 080 | _a821.353.1-2+821.353.1-22 | ||
| 100 | _aკალაძე,კარლო | ||
| 245 | _aროგორ, ხატიჯე, სოფლის საამო საღამოები | ||
| 245 | _bპიესები. კომედია | ||
| 245 | _cრედ. კ.ბობოხიძე. მხატვ. გ. კალაძე | ||
| 260 | _aთბილისი | ||
| 260 | _bსაბჭოთა საქართველო | ||
| 260 | _c1964 | ||
| 300 | _a189გვ.20სმ. | ||
| 653 | _aპიესები. კომედია | ||
| 653 | _aროგორ, ხატიჯე, სოფლის საამო საღამოები | ||
| 942 | _cBK | ||
| 999 |
_c42171 _d42171 |
||